LEADER 00789nam a2200193 i 4500 001 000000214554 003 CaOOAMICUS 005 20120725000000.0 008 120725s1857 it u000 u ita u 013 $a193425 040 $aSeMil$bita 245 10$aVol. 2. 300 $a303 p. 650 4$aProtestantesimo.$0(OLS)http://semarc/subject/936 650 4$aSocialismo.$0(OLS)http://semarc/subject/865 773 0 $aNicolas, Jean-Jacques-Auguste <1807-1888>$tDel protestantismo e di tutte le eresie nel loro rapporto col socialismo.$b2. ed., riveduta e corretta, approvata dall'autore.$dMilano : Carlo Turati, 1857.$g2$w()27122 850 $aSeMil 852 $aSeMil$W1$xVenegono$y1$m2B III 32 FA$j164976$B164976$CSeMilBibl$Z2$F175997 $8I 996 $6245$aVol. 2$9(OLS)http://semarc/title/13458 LEADER 00708nas a2200181 i 4500 001 000000009123 003 CaOOAMICUS 005 20180830125439.0 008 180830n it u0 ita u 040 $aSeMil$bita 245 10$aContinente desaparecido /$ccollana diretta da Gianni Minà. 260 $a[Torino] :$bGruppo Abele,$c[19--] 260 $aMilano :$bSperling & Kupfer,$c[19--] 300 $av. ;$c20 cm. 700 1 $aMinà, Gianni <1938- >.$0(OLS)http://semarc/name/4522 996 $6245$aContinente desaparecido$9(OLS)http://semarc/title/12045 996 $6260$aMilano :$bSperling & Kupfer$9(OLS)http://semarc/publisher/31721 996 $6260$a[Torino] :$bGruppo Abele$9(OLS)http://semarc/publisher/32477